书目信息 |
| 题名: |
中国西部体育旅游开发
|
|
| 作者: | 柳伯力 主编 | |
| 分册: | ||
| 出版信息: | 成都 电子科技大学出版社 2004 |
|
| 页数: | 234页 | |
| 开本: | 20cm | |
| 丛书名: | 巴蜀经济丛书 | |
| 单 册: | ||
| 中图分类: | F592.6 | |
| 科图分类: | ||
| 主题词: | 体育--旅游--研究--西北地区 , 体育--旅游--研究--西南地区 , 体育 , 旅游 | |
| 电子资源: | ||
| ISBN: | 7-81094-691-9 | |
| 000 | 00932oam2 2200289 45 | |
| 001 | 012006061201 | |
| 005 | 20061214143709.73 | |
| 010 | @a7-81094-691-9@dCNY18.80 | |
| 092 | @aCN@b495999 | |
| 100 | @a20060612e20052004em y0chiy0120 ea | |
| 101 | 0 | @achi |
| 102 | @aCN@b510000 | |
| 105 | @ay z 000yy | |
| 200 | 1 | @a中国西部体育旅游开发@9zhong guo xi bu ti yu lv you kai fa@e理论探讨与对策研究@f柳伯力主编 |
| 210 | @a成都@c电子科技大学出版社@d2004@h2005重印 | |
| 215 | @a234页@d20cm | |
| 225 | 2 | @a巴蜀经济丛书 |
| 330 | @a本书在系统阐述体育旅游的产生与发展、体育旅游的类型与市场特点等的基础上,重点对西部地区旅游的现状与发展进行了阐述。 | |
| 461 | 0 | @12001 @a巴蜀经济丛书 |
| 606 | 0 | @a体育@x旅游@x研究@y西北地区 |
| 606 | 0 | @a体育@x旅游@x研究@y西南地区 |
| 606 | 0 | @a体育 |
| 606 | 0 | @a旅游 |
| 690 | @aF592.6@v4 | |
| 701 | 0 | @a柳伯力@9liu bo li@4主编 |
| 801 | 0 | @aCN@bLZJBOOK@c20061214 |
| 905 | @a10447@dF592.6@e110 | |
| 中国西部体育旅游开发:理论探讨与对策研究/柳伯力主编.-成都:电子科技大学出版社,2004(2005重印) |
| 234页;20cm.-(巴蜀经济丛书) |
| ISBN 7-81094-691-9:CNY18.80 |
| 本书在系统阐述体育旅游的产生与发展、体育旅游的类型与市场特点等的基础上,重点对西部地区旅游的现状与发展进行了阐述。 |
| ● |
| 相关链接 |
|
|
|
|
正题名:中国西部体育旅游开发
索取号:F592.6/110
 
预约/预借
| 序号 | 登录号 | 条形码 | 馆藏地/架位号 | 状态 | 备注 |
| 1 | 0550514 | 205505149 | 第一样本阅览室/ [索取号:F592.6/110] | 在馆 | |
| 2 | 0550515 | 205505158 | 第一借阅区/ [索取号:F592.6/110] | 在馆 | |
| 3 | 0550516 | 205505167 | 密集书库/ [索取号:F592.6/110] | 在馆 | |
| 4 | 0550517 | 205505176 | 密集书库/ [索取号:F592.6/110] | 在馆 | |
| 5 | 0550518 | 205505185 | 第一借阅区/ [索取号:F592.6/110] | 在馆 | |
| 6 | 0550519 | 205505194 | 第一借阅区/ [索取号:F592.6/110] | 在馆 | |
| 7 | 0550520 | 205505201 | 第一借阅区/ [索取号:F592.6/110] | 在馆 | |
| 8 | 0550521 | 205505210 | 密集书库/ [索取号:F592.6/110] | 在馆 |